Desh-Videshatil Bramanticha (Record no. 2991)

MARC details
000 -LEADER
fixed length control field 00270nam a22001217a 4500
041 ## - LANGUAGE CODE
Language code of text/sound track or separate title ENG
100 ## - MAIN ENTRY--PERSONAL NAME
Personal name Kadrekar.S
245 ## - TITLE STATEMENT
Title Desh-Videshatil Bramanticha
260 ## - PUBLICATION, DISTRIBUTION, ETC. (IMPRINT)
Place of publication, distribution, etc Ratnagiri
Name of publisher, distributor, etc Kadrekar
Date of publication, distribution, etc 2017
300 ## - PHYSICAL DESCRIPTION
Extent 114
650 ## - SUBJECT ADDED ENTRY--TOPICAL TERM
Topical term or geographic name as entry element Marhati (33)
856 ## - ELECTRONIC LOCATION AND ACCESS
Uniform Resource Identifier Marhati (33)
Holdings
Withdrawn status Lost status Source of classification or shelving scheme Damaged status Not for loan Home library Current library Shelving location Date acquired Total Checkouts Barcode Date last seen Price effective from Koha item type Date checked out
    Dewey Decimal Classification     College of Agricultural Engineering and Technology, Dapoli , Library College of Agricultural Engineering and Technology, Dapoli , Library Book Cart 15/12/2021   T00258 15/12/2021 15/12/2021 Books  
    Dewey Decimal Classification     College of Agricultural Engineering and Technology, Dapoli , Library College of Agricultural Engineering and Technology, Dapoli , Library Book Cart 15/12/2021 2 T00259 20/02/2024 15/12/2021 Books 13/02/2024

Contact Us: College of Agricultural Engineering and Technology, Dapoli, Dist.- Ratnagiri
Website: https://dbskkv.org Email: caetlibrary2015@gmail.com